000 00275nam a22000977a 4500
082 _a635 BEG'I
245 _aBEGINNER'S GARDENING FLOWER'S ARROUND THE WORLD WITH SALT RESISTANT PLANTS
260 _aPAKISTAN
_bAGRICULTURE DEVELOPEMENT
_c1986
300 _aVOL-3
_b9
942 _cBK
999 _c579677
_d579677